000 00552nam a2200181 i 4500
001 56083
003 ES-MaACL
005 20230906163259.0
007 t|
008 031002s1973 sp ||||1| spa d
100 1 _aDíaz-Plaja, Fernando,
_d1918-2012
_944396
245 1 0 _aFrancófilos y germanófilos
_b: los españoles en la guerra europea /
_cF. Díaz-Plaja.
250 _a[1ª ed.].
260 _a[Barcelona] :
_bDopesa,
_c[1973]
300 _a366 p., 11 lám. ;
_c20 cm.
852 _aES-MaACL
_jC-56023
_bR.88454
999 _c56083
_d56083